Формирование неметаллических неорганических наноструктурных радиопоглощающих покрытий на сплавах алюминия и титана в микроплазменном режиме; Химия и химическая технология в XXI веке

Détails bibliographiques
Parent link:Химия и химическая технология в XXI веке.— 2018.— [С. 129-130]
Collectivité auteur: Национальный исследовательский Томский государственный университет (ТГУ)
Autres auteurs: Рябиков А. Е. (научный руководитель), Мамаев А. И., Чубенко А. К., Баранова Т. А.
Résumé:Заглавие с экрана
Langue:russe
Publié: 2018
Collection:Химия и химическая технология неорганических веществ и материалов
Sujets:
Accès en ligne:http://earchive.tpu.ru/handle/11683/50068
Format: Électronique Chapitre de livre
KOHA link:https://koha.lib.tpu.ru/cgi-bin/koha/opac-detail.pl?biblionumber=626783

MARC

LEADER 00000naa2a2200000 4500
001 626783
005 20231101133429.0
035 |a (RuTPU)RU\TPU\conf\26403 
035 |a RU\TPU\conf\26402 
090 |a 626783 
100 |a 20180801d2018 k y0rusy50 ca 
101 0 |a rus 
102 |a RU 
105 |a y z 101zy 
135 |a drcn ---uucaa 
181 0 |a i  
182 0 |a b 
200 1 |a Формирование неметаллических неорганических наноструктурных радиопоглощающих покрытий на сплавах алюминия и титана в микроплазменном режиме  |f А. Е. Рябиков [и др.]  |g науч. рук. А. И. Мамаев 
203 |a Текст  |c электронный 
225 1 |a Химия и химическая технология неорганических веществ и материалов 
230 |a 1 компьютерный файл (pdf; 701 Kb) 
300 |a Заглавие с экрана 
320 |a [Библиогр.: с. 130 (3 назв.)] 
463 0 |0 (RuTPU)RU\TPU\conf\26227  |t Химия и химическая технология в XXI веке  |o материалы XIX Международной научно-практической конференции студентов и молодых ученых имени профессора Л. П. Кулёва, 21-24 мая 2018 г., г. Томск  |f Национальный исследовательский Томский политехнический университет  |v [С. 129-130]  |d 2018 
610 1 |a электронный ресурс 
610 1 |a неметаллические покрытия 
610 1 |a неорганические покрытия 
610 1 |a наноструктурные покрытия 
610 1 |a радиопоглощающие покрытия 
610 1 |a сплавы алюминия 
610 1 |a сплавы титана 
610 1 |a микроплазменное оксидирование 
701 1 |a Рябиков  |b А. Е. 
701 1 |a Мамаев  |b А. И. 
701 1 |a Чубенко  |b А. К. 
701 1 |a Баранова  |b Т. А. 
702 1 |a Мамаев  |b А. И.  |4 727 
712 0 2 |a Национальный исследовательский Томский государственный университет (ТГУ)  |c (2009- )  |2 stltpush  |3 (RuTPU)RU\TPU\col\17230 
801 2 |a RU  |b 63413507  |c 20180821  |g RCR 
856 4 |u http://earchive.tpu.ru/handle/11683/50068 
942 |c BK